000 nam a22 7a 4500
999 _c10119
_d10119
008 180212b ||||| |||| 00| 0 eng d
100 _aShrimali, D S
_96137
245 _aLearnwell science class - V
260 _aNew Delhi
_bHoly faith publication
_c2013